[Event "25th Bunratty Masters"]
[Site "Bunratty IRL"]
[Date "2018.02.24"]
[Round "3.19"]
[White "Wallace, Paul"]
[Black "Mirza, Diana"]
[Result "1/2-1/2"]
[BlackTitle "WFM"]
[WhiteElo "2203"]
[BlackElo "1844"]
[WhiteFideId "2500892"]
[BlackFideId "2503999"]
[EventDate "2018.02.23"]

1. e4 c5 2. Nf3 e6 3. d4 cxd4 4. Nxd4 Nc6 5. Nb3 Qc7 6. g3 Nf6 7. Bg2 Be7 8. O-O
O-O 9. Nc3 a6 10. a4 d6 11. f4 Bd7 12. g4 h6 13. h4 d5 14. e5 Ne8 15. g5 hxg5
16. hxg5 g6 17. Be3 b6 18. Ne2 Ng7 19. Bh3 Rac8 20. Qd2 Rfd8 21. Bg4 Na5 22.
Nxa5 bxa5 23. Nd4 Bc5 24. Rf2 Kf8 25. Rh2 Ke7 26. Rh7 Nf5 27. Bxf5 exf5 28. c3
Rh8 29. Qh2 Rxh7 30. Qxh7 Rb8 31. Rb1 Rb6 32. Qg7 Bxa4 33. b4 axb4 34. cxb4 Bd7
35. Rc1 Bxd4 36. Rxc7 Bxe3+ 37. Kg2 Bxf4 38. Rxd7+ Kxd7 39. Qxf7+ Kc8 40. Qe8+
Kc7 41. Qe7+ Kb8 42. Qd8+ Ka7 43. Qc7+ Rb7 44. Qc5+ Rb6 45. Qxd5 Bxg5 46. Qf7+
Rb7 47. Qxg6 Be7 48. Qxf5 Bxb4 49. e6 a5 50. Qf2+ Kb8 51. Qc2 Ra7 52. Qa4 Re7
53. Qb5+ Kc7 54. Qe5+ Kb7 55. Qd5+ Kc7 56. Kf3 Kc8 57. Ke4 Kc7 58. Ke5 Bc3+ 59.
Kf5 Bb4 60. Qc4+ Kb8 61. Ke5 Kb7 62. Kf6 Kb6 63. Ke5 Kb7 64. Kd5 Kb8 65. Qb5+
Ka7 66. Qc6 Kb8 67. Qb6+ Kc8 68. Qc6+ Kb8 69. Ke5 Rc7 70. Qb5+ Rb7 71. Qe8+ Ka7
72. Kd5 Re7 73. Qc8 Kb6 74. Qa8 Kc7 75. Qa7+ Kc8 76. Qa8+ Kc7 77. Qc6+ Kb8 78.
Qb6+ Kc8 1/2-1/2

[Event "25th Bunratty Masters"]
[Site "Bunratty IRL"]
[Date "2018.02.24"]
[Round "3.20"]
[White "Marquardt, Christian"]
[Black "Daly, Colm"]
[Result "1-0"]
[BlackTitle "FM"]
[WhiteElo "2115"]
[BlackElo "2319"]
[WhiteFideId "4647866"]
[BlackFideId "2500434"]
[EventDate "2018.02.23"]

1. c4 g6 2. Nc3 Bg7 3. g3 d6 4. Bg2 Nc6 5. d3 e5 6. e4 h5 7. h3 h4 8. g4 Bh6 9.
Nge2 Bxc1 10. Rxc1 g5 11. Qd2 f6 12. d4 Rh7 13. O-O Rf7 14. Rfd1 Bd7 15. b4 exd4
16. Nd5 Be6 17. f4 a6 18. a3 Rc8 19. b5 Nb8 20. Nxd4 Bd7 21. e5 fxe5 22. fxe5
dxe5 23. Re1 c6 24. Rxe5+ Kf8 25. bxc6 Nxc6 26. Ne6+ Bxe6 27. Rxe6 Qa5 28. Qxg5
Qxa3 29. Rf1 Qc5+ 30. Kh1 Rxf1+ 31. Bxf1 Qf2 32. Bg2 Re8 33. Rxe8+ Kxe8 34.
Qxg8+ Kd7 35. Qg7+ Kd6 36. Qc7+ Ke6 37. Nf4+ Kf6 38. Qd6+ Kf7 39. Bd5+ Ke8 40.
Bxc6+ bxc6 41. Qxc6+ Kd8 42. Qd6+ Ke8 43. Qc6+ Kf7 44. Qd5+ Ke8 45. Ng2 Qg3 46.
Qe6+ Kd8 47. Qe3 Qd6 48. c5 Qd5 49. g5 a5 50. g6 a4 51. g7 Kd7 52. Kh2 a3 53.
Qxa3 Ke7 54. c6+ Kd8 55. g8=Q+ Qxg8 56. Qa8+ 1-0

[Event "25th Bunratty Masters"]
[Site "Bunratty IRL"]
[Date "2018.02.24"]
[Round "3.21"]
[White "Moran, Stephen"]
[Black "Steil-Antoni, Fiona"]
[Result "0-1"]
[BlackTitle "WIM"]
[WhiteElo "2127"]
[BlackElo "2184"]
[WhiteFideId "2501872"]
[BlackFideId "4001249"]
[EventDate "2018.02.23"]

1. d4 d6 2. e4 Nf6 3. f3 e5 4. d5 Be7 5. Bd3 O-O 6. Ne2 c6 7. c4 Ne8 8. Nbc3 f5
9. exf5 Bxf5 10. Ng3 Bd7 11. Qc2 g6 12. Nge4 Na6 13. Bh6 Rf7 14. a3 Bh4+ 15. Ke2
Be7 16. b4 Ng7 17. g4 Rc8 18. Qd2 Nc7 19. Rhf1 a6 20. a4 Nce8 21. Be3 Nc7 22. h3
Nge8 23. a5 Nf6 24. Bb6 Qf8 25. Ng5 cxd5 26. Nxf7 Qxf7 27. Nxd5 Ncxd5 28. cxd5
Nxd5 29. Rac1 Nf4+ 30. Ke3 Rxc1 31. Rxc1 Bg5 32. Qc2 Nxd3+ 33. Kxd3 Qxf3+ 34.
Kc4 Bb5# 0-1

[Event "25th Bunratty Masters"]
[Site "Bunratty IRL"]
[Date "2018.02.24"]
[Round "3.22"]
[White "Delaney, Killian"]
[Black "Mulligan, Scott"]
[Result "1-0"]
[WhiteElo "2193"]
[BlackElo "1984"]
[WhiteFideId "2501570"]
[BlackFideId "2507498"]
[EventDate "2018.02.23"]

1. c4 Nf6 2. Nc3 g6 3. d4 Bg7 4. e4 O-O 5. Be2 d6 6. Be3 e5 7. d5 Nfd7 8. g4 f5
9. gxf5 gxf5 10. exf5 Nf6 11. Qc2 e4 12. Nh3 Bxf5 13. Nf4 Na6 14. Rg1 Qe7 15.
O-O-O Kh8 16. Rg3 Rg8 17. Rdg1 Nd7 18. Qd2 Be5 19. Bg4 Bxg4 20. Rxg4 Nf6 21.
R4g3 Rxg3 22. Rxg3 Rg8 23. Nb5 Nc5 24. Rxg8+ Kxg8 25. Bxc5 dxc5 26. Ne6 Ne8 27.
Qe2 Qh4 28. Nxc5 a6 29. Nc3 Bxc3 30. bxc3 Nd6 31. Kc2 h5 32. Kb3 Qxh2 33. Nxe4
Qe5 34. f3 Nxe4 35. fxe4 b6 36. c5 bxc5 37. Qxa6 Qxe4 38. Qc8+ Kf7 39. Qxc7+ Ke8
40. d6 Qd5+ 41. Ka3 Qa8+ 42. Kb2 Qg2+ 43. Kc1 Qf1+ 44. Kd2 Qf2+ 45. Kd3 Qf1+ 46.
Ke4 Qe2+ 47. Kd5 Qd3+ 48. Kc6 Qa6+ 49. Kxc5 Qa3+ 50. Kd5 Qxa2+ 51. c4 Qg2+ 52.
Kc5 Qf2+ 53. Kc6 Qf3+ 54. Kb6 Qb3+ 55. Ka7 Qa4+ 56. Kb7 Qb3+ 57. Kc8 Qh3+ 58.
d7+ Ke7 59. Qe5+ Kf7 60. Kc7 Qa3 61. d8=Q Qa7+ 62. Kc6 Qa6+ 63. Qb6 1-0

[Event "25th Bunratty Masters"]
[Site "Bunratty IRL"]
[Date "2018.02.24"]
[Round "3.23"]
[White "Keogh, Eamon"]
[Black "Doggers, Peter"]
[Result "0-1"]
[WhiteElo "1978"]
[BlackElo "2171"]
[WhiteFideId "2500264"]
[BlackFideId "1005774"]
[EventDate "2018.02.23"]

1. f4 d5 2. e3 Nf6 3. Nf3 Bg4 4. Nc3 Nbd7 5. Be2 c6 6. Ne5 Bxe2 7. Qxe2 e6 8.
O-O Bd6 9. d4 O-O 10. Nxd7 Qxd7 11. Bd2 Rac8 12. g4 c5 13. g5 Ne4 14. Nxe4 dxe4
15. Bc3 Qc7 16. Rf2 cxd4 17. Bxd4 e5 18. fxe5 Bxe5 19. Qg4 Rce8 20. Rd1 Qa5 21.
a3 Bxd4 22. exd4 e3 23. Re2 f5 24. Qf3 f4 25. d5 Qb5 26. Rd3 Qxb2 27. d6 Rd8 28.
d7 Qb5 29. Rd5 Qc6 0-1

[Event "25th Bunratty Masters"]
[Site "Bunratty IRL"]
[Date "2018.02.24"]
[Round "3.24"]
[White "Short, Philip M"]
[Black "Davey, Mark"]
[Result "1/2-1/2"]
[WhiteTitle "FM"]
[WhiteElo "2333"]
[BlackElo "1990"]
[WhiteFideId "2500086"]
[BlackFideId "404730"]
[EventDate "2018.02.23"]

1. d4 Nf6 2. c4 g6 3. Nc3 Bg7 4. e4 d6 5. Be2 O-O 6. Bg5 c6 7. Qd2 Qa5 8. O-O-O
Bd7 9. Kb1 b5 10. cxb5 cxb5 11. Bxf6 exf6 12. Nxb5 Qb6 13. Nc3 Nc6 14. Nf3 f5
15. Ka1 fxe4 16. Nxe4 d5 17. Nc5 Bg4 18. Na4 Qb7 19. Nc5 Qb6 20. Na4 Qd8 21. Ne5
Nxe5 22. dxe5 Bxe2 23. Qxe2 Re8 24. f4 f6 25. e6 f5 26. Rhe1 Qa5 27. Nc3 Bxc3
28. bxc3 Qxc3+ 29. Qb2 Qxb2+ 30. Kxb2 Rad8 31. Kc3 Kg7 32. Re5 Kf6 33. Rexd5
Rc8+ 34. Kb3 Rxe6 35. Rd6 Rxd6 1/2-1/2

[Event "25th Bunratty Masters"]
[Site "Bunratty IRL"]
[Date "2018.02.24"]
[Round "3.25"]
[White "Pein, Jonathan"]
[Black "Kennedy, John"]
[Result "1/2-1/2"]
[WhiteElo "2177"]
[BlackElo "2102"]
[WhiteFideId "417092"]
[BlackFideId "2501120"]
[EventDate "2018.02.23"]

1. e4 c5 2. Nf3 d6 3. d3 g6 4. g3 Bg7 5. Bg2 Nc6 6. O-O e6 7. c3 Nge7 8. Re1 e5
9. a3 O-O 10. b4 a6 11. Nbd2 h6 12. Bb2 Bg4 13. Nc4 b5 14. Ne3 Be6 15. Qd2 cxb4
16. cxb4 f5 17. exf5 gxf5 18. Nc2 Rc8 19. Rac1 Qd7 20. Ba1 f4 21. d4 fxg3 22.
hxg3 Bd5 23. Nh4 Bxg2 24. Kxg2 Nd5 25. Qd3 Rf4 26. Ng6 Rg4 27. dxe5 dxe5 28.
Red1 Rd8 29. Ne3 Nxe3+ 30. Qxe3 Qb7 31. Nh4 Nd4+ 32. f3 Rg5 33. Rc5 Qf7 34. Rd2
Rf8 35. Bxd4 1/2-1/2

[Event "25th Bunratty Masters"]
[Site "Bunratty IRL"]
[Date "2018.02.24"]
[Round "3.26"]
[White "Murray, David"]
[Black "Fegan, Chris"]
[Result "1-0"]
[WhiteElo "2150"]
[BlackElo "2034"]
[WhiteFideId "2501511"]
[BlackFideId "410047"]
[EventDate "2018.02.23"]

1. e4 c5 2. Nf3 d6 3. d4 cxd4 4. Nxd4 Nf6 5. Nc3 g6 6. Be3 Bg7 7. f3 O-O 8. Qd2
Nc6 9. O-O-O Bd7 10. g4 Qa5 11. h4 h5 12. g5 Ne8 13. f4 Bg4 14. Re1 Rc8 15. Kb1
Nxd4 16. Bxd4 Be6 17. a3 Bxd4 18. Qxd4 Qc5 19. Qd2 b5 20. Nxb5 Rb8 21. Qb4 Qf2
22. Bd3 Qxf4 23. Qc3 a6 24. Ref1 Qg3 25. Nd4 Qe5 26. Bxa6 Nc7 27. Bd3 d5 28. Ne2
Qd6 29. e5 Qb6 30. Rf4 Na6 31. Bxa6 Qxa6 32. Qd3 Qa7 33. Nd4 Qb7 34. b4 Qd7 35.
Rhf1 Rb6 36. Kb2 Rc8 37. Nxe6 Qxe6 38. Rxf7 Qxe5+ 39. c3 Rbc6 40. b5 Rb6 41. a4
Qh2+ 42. R1f2 Qxh4 43. Qxd5 e6 44. Qe5 1-0

[Event "25th Bunratty Masters"]
[Site "Bunratty IRL"]
[Date "2018.02.24"]
[Round "3.27"]
[White "Wolferink, Frans"]
[Black "Scallan, Fiachra"]
[Result "1/2-1/2"]
[WhiteElo "2086"]
[BlackElo "1927"]
[WhiteFideId "1003917"]
[BlackFideId "2507528"]
[EventDate "2018.02.23"]

1. e4 e6 2. d4 d5 3. Nc3 Bb4 4. exd5 exd5 5. Bd3 Nf6 6. a3 Bd6 7. Bg5 c6 8. Qf3
Bg4 9. Qe3+ Be6 10. Nf3 h6 11. Bf4 Qc7 12. Bxd6 Qxd6 13. Ne2 Nbd7 14. O-O O-O
15. h3 Rfe8 16. Ne5 c5 17. c3 Qb6 18. f4 c4 19. Bc2 Qxb2 20. Ba4 Bf5 21. Ng3 Bd3
22. Rfc1 Qb6 23. Qd2 Nxe5 24. Bxe8 Rxe8 25. fxe5 Rxe5 26. Qf4 Re8 27. Ra2 Qb3
28. Rf2 Bg6 29. Qd6 Re3 30. Nf5 Bxf5 31. Rxf5 Rxc3 32. Rcf1 Qb6 1/2-1/2

[Event "25th Bunratty Masters"]
[Site "Bunratty IRL"]
[Date "2018.02.24"]
[Round "4.1"]
[White "Jones, Gawain C B"]
[Black "Tiviakov, Sergei"]
[Result "1/2-1/2"]
[WhiteTitle "GM"]
[BlackTitle "GM"]
[WhiteElo "2646"]
[BlackElo "2569"]
[WhiteFideId "409561"]
[BlackFideId "1008013"]
[EventDate "2018.02.23"]

1. e4 d5 2. exd5 Qxd5 3. Nc3 Qd6 4. d4 c6 5. Nf3 Bg4 6. Be3 Nf6 7. h3 Bh5 8. g4
Bg6 9. Bg2 Nbd7 10. Nh4 e6 11. Qe2 Be7 12. O-O O-O 13. Nxg6 hxg6 14. g5 Nd5 15.
Nxd5 cxd5 16. b3 Rac8 17. c4 Qa6 18. Rfc1 dxc4 19. bxc4 e5 20. dxe5 Ba3 21. Rcb1
Rxc4 22. Qd1 Rc7 23. Bf4 Qe6 24. Bg3 Nb6 25. Rb3 Bc5 26. Rd3 Rd7 27. Rxd7 Nxd7
28. Qb3 Qxb3 29. axb3 Bb6 30. Bxb7 Nc5 31. Bd5 Rd8 32. Rd1 Kf8 33. Bf3 Nxb3 34.
Kg2 Rxd1 35. Bxd1 Nd4 36. Bf4 Ke7 37. Bc1 Bc5 38. f4 a5 39. Bb2 Ne6 40. Kf3 Bb4
41. Ke3 Nc5 42. Kd4 Ne6+ 43. Ke3 Nc5 44. Kd4 Ne6+ 45. Ke3 1/2-1/2

[Event "25th Bunratty Masters"]
[Site "Bunratty IRL"]
[Date "2018.02.24"]
[Round "4.2"]
[White "Bates, Richard A"]
[Black "Hebden, Mark L"]
[Result "1/2-1/2"]
[WhiteTitle "IM"]
[BlackTitle "GM"]
[WhiteElo "2364"]
[BlackElo "2454"]
[WhiteFideId "403555"]
[BlackFideId "400084"]
[EventDate "2018.02.23"]

1. d4 Nf6 2. Nf3 g6 3. g3 Bg7 4. Bg2 O-O 5. O-O d6 6. c4 Nc6 7. Nc3 Rb8 8. e3 e5
9. h3 Bf5 10. d5 Ne7 11. Ne1 c5 12. e4 Bd7 13. Nd3 a6 14. f4 exf4 15. Bxf4 Ne8
16. Rc1 Rc8 17. Qd2 b5 18. b3 b4 19. Ne2 a5 20. g4 f6 21. Ng3 a4 22. g5 axb3 23.
axb3 Qb6 24. Kh1 Rd8 25. gxf6 Nxf6 26. Bh6 Rde8 27. Rf2 Bc8 28. Rcf1 Nd7 29.
Bxg7 Kxg7 30. Qg5 Rxf2 31. Rxf2 Ng8 32. Nf5+ Kh8 33. Nh6 Nxh6 34. Qxh6 Kg8 35.
e5 dxe5 36. Be4 Qd6 37. Rg2 Nf8 38. Nxc5 Qxc5 1/2-1/2

[Event "25th Bunratty Masters"]
[Site "Bunratty IRL"]
[Date "2018.02.24"]
[Round "4.3"]
[White "Williams, Simon K"]
[Black "Bourached, Anthony"]
[Result "1-0"]
[WhiteTitle "GM"]
[WhiteElo "2453"]
[BlackElo "1991"]
[WhiteFideId "404454"]
[BlackFideId "2504456"]
[EventDate "2018.02.23"]

1. d4 Nf6 2. c4 e6 3. Nf3 Bb4+ 4. Nbd2 d6 5. Qc2 O-O 6. e4 Nc6 7. a3 Bxd2+ 8.
Bxd2 e5 9. d5 Nb8 10. b4 Bg4 11. Be2 c6 12. O-O Qc7 13. Qd3 Nbd7 14. Nh4 Bxe2
15. Qxe2 Rfe8 16. Qd3 Nf8 17. Nf5 c5 18. bxc5 dxc5 19. Qf3 Ng6 20. Rab1 Nd7 21.
h4 Nb6 22. Rfc1 Qd8 23. Qg4 h5 24. Qxh5 Nf4 25. Qg4 1-0

[Event "25th Bunratty Masters"]
[Site "Bunratty IRL"]
[Date "2018.02.24"]
[Round "4.4"]
[White "Rendle, Thomas E"]
[Black "Wells, Peter K"]
[Result "1/2-1/2"]
[WhiteTitle "IM"]
[BlackTitle "GM"]
[WhiteElo "2359"]
[BlackElo "2427"]
[WhiteFideId "408760"]
[BlackFideId "400327"]
[EventDate "2018.02.23"]

1. e4 c5 2. Nf3 Nc6 3. Bb5 e6 4. O-O Nge7 5. Re1 Nd4 6. Bf1 Nec6 7. c3 Nxf3+ 8.
Qxf3 Be7 9. Qe3 O-O 10. d4 cxd4 11. cxd4 d5 12. exd5 Nb4 13. Na3 Nxd5 14. Qf3 b6
15. Nc4 Bb7 16. Ne5 Rc8 17. Bd3 Rc7 18. Qh3 f5 19. Bd2 Bb4 1/2-1/2

[Event "25th Bunratty Masters"]
[Site "Bunratty IRL"]
[Date "2018.02.24"]
[Round "4.5"]
[White "Pein, Malcolm"]
[Black "Short, Nigel D"]
[Result "0-1"]
[WhiteTitle "IM"]
[BlackTitle "GM"]
[WhiteElo "2346"]
[BlackElo "2681"]
[WhiteFideId "400289"]
[BlackFideId "400025"]
[EventDate "2018.02.23"]

1. Nf3 c5 2. e4 e6 3. d4 cxd4 4. Nxd4 Nc6 5. Nc3 Qc7 6. Be3 Nf6 7. Be2 a6 8. O-O
d6 9. f4 Bd7 10. Qe1 b5 11. a3 Be7 12. Qg3 h5 13. e5 dxe5 14. Nxc6 h4 15. Qg5
Bxc6 16. fxe5 Nh5 17. Qg4 Qxe5 18. Qh3 Ng3 0-1

[Event "25th Bunratty Masters"]
[Site "Bunratty IRL"]
[Date "2018.02.24"]
[Round "4.6"]
[White "Fitzsimons, David"]
[Black "McShane, Luke J"]
[Result "1/2-1/2"]
[WhiteTitle "FM"]
[BlackTitle "GM"]
[WhiteElo "2330"]
[BlackElo "2643"]
[WhiteFideId "2501961"]
[BlackFideId "404853"]
[EventDate "2018.02.23"]

1. e4 e5 2. Nf3 Nc6 3. Bc4 Bc5 4. O-O Nf6 5. d3 d6 6. c3 a6 7. Bb3 Ba7 8. Nbd2
O-O 9. h3 Ne7 10. Re1 Ng6 11. Nf1 Be6 12. Ng3 Qd7 13. d4 h6 14. Bc2 c6 15. Be3
Rfe8 16. Qd2 Kh7 17. Rad1 b5 18. Qc1 Qc7 19. Nf5 Bxf5 20. exf5 Nf8 21. Re2 N8d7
22. Rde1 e4 23. Nh2 d5 24. Bf4 Qd8 25. f3 c5 26. Qd2 cxd4 27. cxd4 Rc8 28. Kh1
Nh5 29. Bb3 Ndf6 30. Ng4 Nxg4 31. fxg4 Nxf4 32. Qxf4 a5 33. a4 Bb8 34. Qe3 Qd6
35. g3 bxa4 36. Bxa4 Red8 37. Kg2 Rc4 38. Bb3 Rxd4 39. Qxd4 Qxg3+ 40. Kf1 Qxh3+
41. Rg2 Qxb3 42. g5 Qf3+ 43. Qf2 Qxf2+ 44. Kxf2 Bf4 45. gxh6 gxh6 46. Rg4 Bg5
47. Rd1 Kg7 48. f6+ Kg6 49. Rxe4 1/2-1/2

[Event "25th Bunratty Masters"]
[Site "Bunratty IRL"]
[Date "2018.02.24"]
[Round "4.7"]
[White "Speelman, Jon S"]
[Black "Belenkaya, Dina"]
[Result "1/2-1/2"]
[WhiteTitle "GM"]
[BlackTitle "WGM"]
[WhiteElo "2503"]
[BlackElo "2286"]
[WhiteFideId "400033"]
[BlackFideId "24142654"]
[EventDate "2018.02.23"]

1. Nf3 d5 2. e3 Nf6 3. b3 Bf5 4. Bb2 Nbd7 5. Be2 e6 6. Nh4 Bg6 7. d4 Bd6 8. c4
Ne4 9. g3 Bb4+ 10. Kf1 Qf6 11. f3 c6 12. Kg2 Nd6 13. Nxg6 hxg6 14. Qd3 g5 15.
Bc3 Bxc3 16. Nxc3 Nf5 17. cxd5 exd5 18. Rae1 O-O-O 19. Bd1 Rde8 20. Bc2 g6 21.
Qd2 Qg7 22. Bxf5 gxf5 23. Qc2 Qh7 24. h4 Qg6 25. hxg5 Qxg5 26. Nd1 Nf6 27. Qf2
Nh5 28. f4 Qg6 29. Qf3 Reg8 30. Rh3 Nf6 31. Reh1 Rxh3 32. Rxh3 Re8 33. Qe2 Kb8
34. Qd3 Ng4 35. Kf1 Qe6 36. Ke2 Nf6 37. Nf2 Ne4 38. Kf3 Rg8 39. Kg2 Nd6 40. Qd2
b6 41. Qd3 c5 42. dxc5 bxc5 43. Rh1 Ne4 44. Nxe4 Qxe4+ 45. Qxe4 fxe4 46. Rh5 Rd8
47. Kf2 Kc7 48. Rf5 Rd7 49. Rf6 d4 50. Ke2 Kd8 51. g4 d3+ 52. Kd2 Rc7 53. Kc3
Rd7 54. Kd2 Rc7 1/2-1/2

[Event "25th Bunratty Masters"]
[Site "Bunratty IRL"]
[Date "2018.02.24"]
[Round "4.8"]
[White "Wall, Tim P"]
[Black "Baburin, Alexander"]
[Result "1/2-1/2"]
[WhiteTitle "FM"]
[BlackTitle "GM"]
[WhiteElo "2227"]
[BlackElo "2458"]
[WhiteFideId "401641"]
[BlackFideId "2500914"]
[EventDate "2018.02.23"]

1. b3 Nf6 2. Bb2 g6 3. Bxf6 exf6 4. c4 f5 5. Nc3 Bg7 6. Rc1 d6 7. g3 Nd7 8. Bg2
O-O 9. e3 a6 10. Nge2 Rb8 11. Nd5 c6 12. Ndf4 Nf6 13. Qc2 Bd7 14. O-O Qe7 15.
Nc3 b5 16. a3 Rfc8 17. d3 Qd8 18. Nfe2 c5 19. Rb1 Be6 20. Rfc1 d5 21. cxd5 Nxd5
22. Nxd5 Bxd5 23. Bxd5 Qxd5 24. d4 Bf8 25. Nf4 Qd8 26. dxc5 Rxc5 27. Qb2 Bg7 28.
Qe2 Rxc1+ 29. Rxc1 Qa5 30. Qa2 Bf8 31. Ra1 1/2-1/2

[Event "25th Bunratty Masters"]
[Site "Bunratty IRL"]
[Date "2018.02.24"]
[Round "4.9"]
[White "Prilleltensky, Matan"]
[Black "Wallace, John Paul"]
[Result "1-0"]
[BlackTitle "IM"]
[WhiteElo "2195"]
[BlackElo "2411"]
[WhiteFideId "2024810"]
[BlackFideId "3200957"]
[EventDate "2018.02.23"]

1. d4 d5 2. c4 e6 3. Nc3 Be7 4. cxd5 exd5 5. Bf4 c6 6. e3 Bf5 7. g4 Be6 8. h3
Nd7 9. Bd3 h5 10. Qf3 Qb6 11. Rb1 hxg4 12. hxg4 Rxh1 13. Qxh1 g5 14. Bg3 Bxg4
15. Qh2 Rc8 16. Qh8 Nf6 17. Qg7 Qd8 18. Qxg5 Qd7 19. Be5 Kf8 20. Bh7 Qe6 21. f3
Bh3 22. Bxg8 Bf5 23. Rd1 Bg6 24. Qxg6 Nxg8 25. Qxe6 fxe6 26. Nge2 Nh6 27. Kf2
Kf7 28. Rg1 Bf8 29. Nf4 Nf5 30. Rg6 Re8 31. Rf6+ Kg8 32. Nxe6 1-0

[Event "25th Bunratty Masters"]
[Site "Bunratty IRL"]
[Date "2018.02.24"]
[Round "4.10"]
[White "Collins, Sam E."]
[Black "Delaney, Killian"]
[Result "1-0"]
[WhiteTitle "IM"]
[WhiteElo "2464"]
[BlackElo "2193"]
[WhiteFideId "2501198"]
[BlackFideId "2501570"]
[EventDate "2018.02.23"]

1. e4 e6 2. d4 d5 3. Nd2 Nf6 4. e5 Nfd7 5. Bd3 c5 6. c3 cxd4 7. cxd4 Nc6 8. Ne2
f6 9. exf6 Nxf6 10. O-O Bd6 11. Nf3 O-O 12. Bf4 Bxf4 13. Nxf4 Qd6 14. Ne2 Bd7
15. Ng3 e5 16. dxe5 Nxe5 17. Nxe5 Qxe5 18. Qb3 Bc6 19. Rae1 Qc7 20. h3 Rae8 21.
Qc3 Ne4 22. Nxe4 dxe4 23. Bxe4 Qb6 24. Bxc6 bxc6 25. Qc4+ Kh8 26. Rxe8 Rxe8 27.
Qf7 Rd8 28. Re1 h6 29. b3 Qb8 30. g3 Rf8 31. Qe7 1-0

[Event "25th Bunratty Masters"]
[Site "Bunratty IRL"]
[Date "2018.02.24"]
[Round "4.11"]
[White "Maroroa, Sue"]
[Black "Heidenfeld, Mark"]
[Result "0-1"]
[WhiteTitle "WIM"]
[BlackTitle "IM"]
[WhiteElo "2102"]
[BlackElo "2356"]
[WhiteFideId "4301498"]
[BlackFideId "2500990"]
[EventDate "2018.02.23"]

1. e4 e5 2. Nf3 Nc6 3. d4 exd4 4. Nxd4 Qh4 5. Nxc6 Qxe4+ 6. Be2 dxc6 7. O-O Be6
8. Nc3 Qe5 9. g3 Qd6 10. Bd3 Nf6 11. Qe2 O-O-O 12. Bf4 Qd7 13. Bd2 Bc5 14. b4
Bd4 15. Rab1 Bg4 16. Qe1 Rhe8 17. Qc1 Bf3 18. Re1 Ng4 19. Re3 Bxe3 20. fxe3 Ne5 0-1

[Event "25th Bunratty Masters"]
[Site "Bunratty IRL"]
[Date "2018.02.24"]
[Round "4.12"]
[White "Vuilleumier, Alexandre"]
[Black "O'Gorman, Tom"]
[Result "1/2-1/2"]
[WhiteTitle "IM"]
[BlackTitle "FM"]
[WhiteElo "2345"]
[BlackElo "2150"]
[WhiteFideId "1305662"]
[BlackFideId "2508249"]
[EventDate "2018.02.23"]

1. Nf3 Nf6 2. g3 g6 3. Bg2 Bg7 4. O-O O-O 5. d4 d6 6. Nc3 d5 7. Re1 Ne4 8. Nxe4
dxe4 9. Ng5 Qxd4 10. Qxd4 Bxd4 11. Nxe4 Nc6 12. c3 Bb6 13. h3 Rd8 14. Bf4 Be6
15. b4 f6 16. a4 a5 17. Nc5 Bxc5 18. bxc5 Rd7 19. Rab1 Ra7 20. h4 Bf5 21. Bxc6
bxc6 22. Rb8+ Kg7 23. e4 Bg4 24. Kg2 e5 25. f3 Be6 26. Be3 Rd3 27. g4 Bc4 28. h5
g5 29. Kf2 h6 30. Rc1 Ba6 31. Rc2 Bc4 32. Rd2 Rxd2+ 33. Bxd2 Bd3 34. Rb2 Ba6 35.
Ke3 Ra8 36. c4 Bc8 37. Bc3 1/2-1/2

[Event "25th Bunratty Masters"]
[Site "Bunratty IRL"]
[Date "2018.02.24"]
[Round "4.13"]
[White "Fox, Anthony"]
[Black "L'Ami, Alina"]
[Result "0-1"]
[BlackTitle "IM"]
[WhiteElo "2038"]
[BlackElo "2310"]
[WhiteFideId "2500736"]
[BlackFideId "1210246"]
[EventDate "2018.02.23"]

1. e4 c5 2. c4 Nc6 3. Nc3 g6 4. g3 Bg7 5. Bg2 d6 6. Nge2 Nf6 7. d3 O-O 8. O-O a6
9. a3 Rb8 10. Rb1 b5 11. cxb5 axb5 12. b4 cxb4 13. axb4 e5 14. h3 Be6 15. Nd5
Ne7 16. Nxf6+ Bxf6 17. Bh6 Bg7 18. Bxg7 Kxg7 19. f4 f5 20. Qd2 fxe4 21. dxe4 Bc4
22. Rf2 Qb6 23. Nc3 Rbd8 24. Rb2 Nc6 25. Kh2 Nd4 26. Nd5 Bxd5 27. exd5 exf4 28.
Rxf4 Rxf4 29. Qxf4 Rf8 30. Qe4 Nf5 31. Re2 Rf7 32. Qd3 Qd4 33. Qxd4+ Nxd4 34.
Re4 Nc2 35. Kg1 Rf5 36. Re7+ Rf7 37. Re6 Rf6 38. Re7+ Kh6 39. Re4 Na3 40. h4 Nc4
41. Re7 Kh5 42. Bh3 h6 43. Re4 Ne5 44. Bf1 g5 45. hxg5 Kxg5 46. Bxb5 Rf3 47. Kg2
Rb3 48. Be2 Rb2 49. Kf2 Nd3+ 50. Kf3 Nxb4 51. Bc4 Rc2 52. Rg4+ Kf6 53. Rf4+ Kg7
54. Rd4 Rc3+ 55. Kg4 Nc2 56. Re4 Rxc4 57. Rxc4 Ne3+ 58. Kf4 Nxc4 59. Kf5 Kf7 0-1

[Event "25th Bunratty Masters"]
[Site "Bunratty IRL"]
[Date "2018.02.24"]
[Round "4.14"]
[White "O'Donnell, Conor"]
[Black "Marquardt, Christian"]
[Result "1-0"]
[WhiteTitle "FM"]
[WhiteElo "2318"]
[BlackElo "2115"]
[WhiteFideId "2504243"]
[BlackFideId "4647866"]
[EventDate "2018.02.23"]

1. d4 Nf6 2. c4 g6 3. g3 Bg7 4. Bg2 d6 5. Nf3 O-O 6. Nc3 Nc6 7. O-O a6 8. Bf4
Rb8 9. Rc1 Nd7 10. Qd2 e5 11. dxe5 Ndxe5 12. b3 Re8 13. Rfd1 Bg4 14. Bg5 Bf6 15.
Bxf6 Qxf6 16. Nd5 Qd8 17. Qf4 Bxf3 18. exf3 f5 19. Qd2 Rf8 20. Qc3 Nd7 21. b4
Nf6 22. a4 Ne5 23. f4 Ned7 24. c5 c6 25. Nxf6+ Rxf6 26. cxd6 Qf8 27. Qd4 Re8 28.
b5 axb5 29. axb5 Rxd6 30. Qxd6 Re1+ 31. Bf1 Qxd6 32. Rxd6 Rxc1 33. Rxd7 cxb5 34.
Rxb7 1-0

[Event "25th Bunratty Masters"]
[Site "Bunratty IRL"]
[Date "2018.02.24"]
[Round "4.16"]
[White "Rush, Stephen"]
[Black "Connell, Blair N"]
[Result "1-0"]
[WhiteElo "2025"]
[BlackElo "2234"]
[WhiteFideId "2512173"]
[BlackFideId "403725"]
[EventDate "2018.02.23"]

1. d4 d5 2. c4 c6 3. cxd5 cxd5 4. Bf4 Nc6 5. e3 Nf6 6. Nc3 a6 7. Bd3 e6 8. Rc1
Be7 9. h3 O-O 10. Nf3 Na5 11. Ne5 b5 12. Qe2 Bd7 13. O-O Nc4 14. a4 b4 15. Nb1
Nxe5 16. Bxe5 Bxa4 17. Bxa6 Qb6 18. Bd3 Bc6 19. Nd2 Ra2 20. Nb3 Ne4 21. Bb1 Ra6
22. f3 Nf6 23. Qc2 g6 24. Nc5 Ra7 25. Nxe6 Ba4 26. b3 Bxb3 27. Qxb3 fxe6 28. e4
Nd7 29. Bg3 Bf6 30. exd5 Ra3 31. Qc4 Bxd4+ 32. Kh1 e5 33. Bh4 Bc5 34. d6+ Kg7
35. Be7 Rf4 36. Qe6 Ra7 37. Be4 Qb8 38. Bc6 Rf6 39. Bxf6+ Nxf6 40. Rxc5 1-0